| 000 | 01200nam a2200337 a 4500 | ||
|---|---|---|---|
| 999 |
_c529644 _d529644 |
||
| 001 | 1127388 | ||
| 003 | NUST | ||
| 005 | 20190930121757.0 | ||
| 008 | 940927s1994 dcua b 000 0 eng d | ||
| 010 | _a 94061135 | ||
| 020 | _a0309056624 | ||
| 035 | _a(OCoLC)31767920 | ||
| 038 | _aMSOHAIL | ||
| 040 |
_aQK7 _cQK7 _dDLC |
||
| 042 | _alccopycat | ||
| 050 | 0 | 0 |
_aTE278 _b.M37 1994 |
| 082 | 0 | 0 |
_a625.84 _220 |
| 100 | 0 |
_aMcGhee, Kenneth H. _922052 |
|
| 245 | 1 | 0 |
_aPortland cement concrete resurfacing / _cKenneth H. McGhee. |
| 260 |
_aWashington, D.C. : _bNational Academy Press, _c1994. |
||
| 300 |
_a46, [20] p. : _bill. ; _c28 cm. |
||
| 440 | 0 |
_aSynthesis of highway practice ; _v204 _922053 |
|
| 504 | _aIncludes bibliographical references: p. 44-46. | ||
| 650 | 0 |
_aPavements, Concrete _xMaintenance and repair. _921268 |
|
| 650 | 0 |
_aPavements _xOverlays _xMaterials. _922054 |
|
| 650 | 0 |
_aPortland cement. _9812 |
|
| 710 | 2 |
_aNational Research Council (U.S.). Transportation Research Board. _919676 |
|
| 906 |
_a7 _bcbc _ccopycat _d2 _eopcn _f19 _gy-gencatlg |
||
| 942 |
_2ddc _cBK |
||